| LEADER | 00666nam a2200169 4500 | ||
|---|---|---|---|
| 082 | |a 907 |b L250Đ | ||
| 100 | |a Lê Đình Hà | ||
| 245 | |a Tư liệu lịch sử 6 |c Lê Đình Hà, Bùi Tuyết Hương | ||
| 260 | |a H. |b Giáo dục |c 2002 | ||
| 300 | |a 92tr. |c 20cm | ||
| 520 | |a v..v | ||
| 653 | |a Lịch sử | ||
| 653 | |a lớp 6 | ||
| 942 | |2 ddc |c STK0 | ||
| 999 | |c 9754 |d 9754 | ||
| 952 | |0 0 |1 0 |2 ddc |4 0 |6 907_000000000000000_L250Đ |7 0 |8 900 |9 76884 |a qbu |b qbu |c D5 |d 2015-06-02 |g 4800 |o 907 L250Đ |p 9789.c1 |r 0000-00-00 |w 2015-06-02 |y STK0 | ||
| 952 | |0 0 |1 0 |2 ddc |4 0 |6 907_000000000000000_L250Đ |7 0 |8 900 |9 76885 |a qbu |b qbu |c D5 |d 2015-06-02 |g 4800 |o 907 L250Đ |p 9789.c2 |r 0000-00-00 |w 2015-06-02 |y STK0 | ||